| 000 | 00000nas 2200000za 4500 |
| 001 | 9.505962 |
| 003 | CaOODSP |
| 005 | 20221107133550 |
| 007 | cr ||||||||||| |
| 008 | 150406d20102010oncux p o||||f0 a0eng|d |
| 022 | |a1920-9134 |
| 040 | |aCaOODSP|beng |
| 043 | |an-cn--- |
| 086 | 1 |aCS91-551E-PDF |
| 222 | 0|aProjections of the diversity of the Canadian population |
| 245 | 00|aProjections of the diversity of the Canadian population |h[electronic resource]. |
| 260 | |aOttawa : |bStatistics Canada, |c[2010-2010]. |
| 310 | |aIrregular |
| 362 | 1 |aBegan with : 2006 to 2031 ; ceased with 2006-2031, later issues treated as monographs. |
| 500 | |aIssued also in French under title: Projections de la diversité de la population canadienne. |
| 692 | 07|2gccst|aPopulation distribution |
| 692 | 07|2gccst|aCensus data |
| 692 | 07|2gccst|aForcasting |
| 710 | 2 |aStatistics Canada. |
| 775 | 08|tProjections de la diversité de la population canadienne |w(CaOODSP)9.502364 |
| 986 | |aCS91-551-XIE|aCS91-551-XWE |